Music Quiz

Random Music or Lyrics Quiz

Lyrics to With Arms Wide Open by Creed Quiz Stats

 Plays Quiz not verified by Sporcle

Challenge
Share
Tweet
Embed
Score 0/206 Timer 05:00
0 Plays Today
Answer % Correct
the
99.6%
the
99.6%
the
99.6%
a
99.6%
the
99.6%
and
99.6%
the
99.6%
the
99.6%
I
97.6%
I
97.6%
open.
97.6%
open.
97.6%
open.
97.6%
I
97.6%
I
97.6%
open.
97.6%
open.
97.6%
open.
97.6%
open.
97.6%
I
97.6%
I
97.6%
I
97.6%
open.
97.6%
open.
97.6%
open.
97.6%
open.
97.6%
open,
97.6%
open.
97.6%
arms
97.2%
wide
97.2%
arms
97.2%
wide
97.2%
arms
97.2%
wide
97.2%
arms
97.2%
wide
97.2%
arms
97.2%
wide
97.2%
arms
97.2%
wide
97.2%
arms
97.2%
wide
97.2%
arms
97.2%
wide
97.2%
arms
97.2%
wide
97.2%
arms
97.2%
wide
97.2%
arms
97.2%
wide
97.2%
arms
97.2%
wide
97.2%
wide
97.2%
to
96.4%
to
96.4%
With
96.4%
to
96.4%
With
96.4%
With
96.4%
to
96.4%
to
96.4%
With
96.4%
to
96.4%
With
96.4%
With
96.4%
With
96.4%
with
96.4%
With
96.4%
to
96.4%
Answer % Correct
With
96.4%
With
96.4%
With
96.4%
you
94.8%
you
94.8%
you
94.8%
you
94.8%
you
94.8%
you
94.8%
you
94.8%
you
94.8%
We
92%
I'll
90.8%
I'll
90.8%
I'll
90.8%
I'll
90.8%
I'll
90.8%
I'll
90.8%
I'll
90.8%
I'll
90.8%
I'll
90.8%
I'll
90.8%
my
89.6%
my
89.6%
my
89.6%
my
89.6%
he
89.6%
he
89.6%
just
89.2%
just
89.2%
this
88.8%
this
88.8%
this
88.8%
this
88.8%
It
87.6%
is
87.6%
it
87.6%
show
86.7%
everything.
86.7%
show
86.7%
everything.
86.7%
everything
86.7%
show
86.7%
show
86.7%
everything.
86.7%
show
86.7%
everything.
86.7%
everything
86.7%
show
86.7%
show
86.7%
everything.
86.7%
show
86.7%
everything,
86.7%
life
85.9%
life.
85.9%
life
85.9%
Well
85.5%
Well
85.5%
be
85.5%
be.
85.5%
news
84.3%
today.
84.3%
change.
83.9%
heard
83.5%
Under
83.5%
place,
83.5%
Under
83.5%
place,
83.5%
Under
83.5%
Answer % Correct
place,
83.5%
Welcome
83.1%
Welcome
83.1%
Welcome
83.1%
going
81.1%
seems
79.1%
sunlight.
78.7%
sunlight.
78.7%
sunlight.
78.7%
if
77.9%
If
77.9%
take
75.9%
take
75.9%
take
75.9%
man
74.7%
have
73.9%
by
73.1%
by
73.1%
of
71.5%
know
71.1%
I'm
70.3%
don't
69.1%
pray.
67.9%
one
67.5%
one
67.5%
eyes,
67.1%
close
66.7%
me.
66.7%
can
66.7%
down
66.3%
love.
66.3%
love.
66.3%
begin
65.5%
tears
63.9%
joy
63.9%
face.
63.9%
That
63.1%
not
61.8%
hand
61.8%
stream
61%
in
60.2%
hope
60.2%
like
60.2%
hope
60.2%
side.
59.8%
her
59.4%
had
57.8%
only
57.8%
Now
57.4%
wish,
57.4%
Now
57.4%
Then
57%
ready
56.2%
has
56.2%
has
56.2%
he's
55.8%
hold
55.4%
understands.
55%
changed.
54.2%
changed.
54.2%
created
53.8%
demand.
53.4%
breath.
50.6%
oh
48.2%
stand
46.6%
yeah.
45.8%
We've
41.8%
awe.
34.5%

You're not logged in!

Compare scores with friends on all Sporcle quizzes.
OR
Log In

You Might Also Like...

Show Comments

Extras

Top Quizzes Today


Score Distribution

Your Account Isn't Verified!

In order to create a playlist on Sporcle, you need to verify the email address you used during registration. Go to your Sporcle Settings to finish the process.

Report this User

Report this user for behavior that violates our Community Guidelines.

Details: